|
|
|
|
| LEADER |
00000nab a2200000 a 4500 |
| 001 |
vtls000525213 |
| 003 |
SK-MaSNL |
| 005 |
20260303185059.0 |
| 008 |
131029c1994 xo 0 slo |
| 015 |
|
|
|a SNBRB19rr/mm-uuuuu
|
| 035 |
|
|
|a CL0525351
|
| 040 |
|
|
|a SNKBUCL
|b slo
|c SNKBUCL
|e AACR2
|
| 041 |
0 |
|
|a slo
|
| 044 |
|
|
|a xo
|c SK
|
| 080 |
|
|
|a 82.09:885.4-4(048)
|2 1981
|
| 080 |
|
|
|a 885.4-4(048)
|2 1981
|
| 100 |
1 |
|
|a Červeňák, Andrej,
|d 1932-2012
|4 aut
|9 153402
|
| 245 |
1 |
0 |
|a Cez osobné k spoločenskému
|c Andrej Červeňák
|
| 650 |
0 |
7 |
|a eseje
|2 snkbucl
|9 144629
|
| 655 |
|
7 |
|a články z novín a časopisov
|2 snkbucl
|9 267496
|
| 655 |
|
7 |
|a články z odboru literárna veda a krásna literatúra
|2 snkbucl
|9 770045
|
| 700 |
1 |
|
|a Števček, Ján,
|d 1929-1996
|4 aut
|9 105256
|
| 773 |
0 |
|
|t Slovenské pohľady
|g Roč. 4+110, č. 8 (1994), s. 143-144
|
| 787 |
0 |
8 |
|i Rec.:
|a Števček, Ján
|t Fenomenológia infarktu
|d Bratislava : Slovenský spisovateľ, 1994
|
| 850 |
|
|
|a Slovenská národná knižnica v Martine
|a MTA001
|
| 852 |
|
|
|a SNK
|b KIS3GCP
|
| 958 |
|
|
|a RK
|
| 958 |
|
|
|a LX
|
| 992 |
|
|
|a RBX
|
| 999 |
|
|
|c 2129643
|d 2131573
|